A predictable, secure pension for life : defined benefit pensions.

Bibliographic Details
Corporate Author: Pension Benefit Guaranty Corporation
Format: Government Document Book
Language:English
Published: Washington, DC (1200 K Street, NW, Washington 20005-4026) : Pension Benefit Guaranty Corporation, [1998]
Series:Publication PBGC (Pension Benefit Guaranty Corporation) ; 1007.
Subjects:
Online Access:Adobe Acrobat reader required

MARC

Tag First Indicator Second Indicator Subfields
LEADER 00000cam a2200000 a 4500
001 in00000003440
008 990402s1998 dcua f000 0 eng d
005 20230309222523.9
035 |a (OCoLC)41093540 
035 |9 AJF7812AM 
035 |a in00000003440 
040 |a GPO  |c GPO  |d DLC  |d MvI  |d UtOrBLW 
043 |a n-us--- 
049 |a UDOC  |a UDOC 
049 |a WWW 
074 |a 1070-N 
074 |a 1070-N (online) 
086 0 |a Y 3.P 38/2:2 SE 3 
245 0 2 |a A predictable, secure pension for life :  |b defined benefit pensions. 
246 1 7 |a Defined benefit pensions 
264 1 |a Washington, DC (1200 K Street, NW, Washington 20005-4026) :  |b Pension Benefit Guaranty Corporation,  |c [1998] 
300 |a 24 pages :  |b illustrations ;  |c 22 cm. 
336 |a text  |b txt  |2 rdacontent 
337 |a unmediated  |b n  |2 rdamedia 
338 |a volume  |b nc  |2 rdacarrier 
490 1 |a PBGC publication ;  |v 1007 
500 |a Cover title. 
500 |a Shipping list number: 99-0176-P. 
500 |a "June 1998"--P. [4] of cover. 
530 |a Also available via Internet from the PBGC web site (PDF file only). 
650 0 |a Defined benefit pension plans  |z United States. 
650 0 |a Pensions  |z United States. 
610 2 0 |a Pension Benefit Guaranty Corporation. 
710 2 |a Pension Benefit Guaranty Corporation. 
830 0 |a Publication PBGC (Pension Benefit Guaranty Corporation) ;  |v 1007. 
856 4 1 |u https://purl.fdlp.gov/GPO/LPS2508  |z Adobe Acrobat reader required  |t 0 
999 |a MARS 
999 f f |i 63e3a956-d73f-313d-ab16-89d873fb1cb9  |s 852e2906-efbe-3c22-bee0-4297b4b88c2b  |t 0 
952 f f |a Texas A&M University  |b College Station  |c Electronic Resources  |d Available Online  |t 0  |e Y 3.P 38/2:2 SE 3  |h Superintendent of Documents classification 
998 f f |a Y 3.P 38/2:2 SE 3  |t 0  |l Available Online